<?xml version="1.0" encoding="UTF-8"?>
<record
    xmlns:xsi="http://www.w3.org/2001/XMLSchema-instance"
    xsi:schemaLocation="http://www.loc.gov/MARC21/slim http://www.loc.gov/standards/marcxml/schema/MARC21slim.xsd"
    xmlns="http://www.loc.gov/MARC21/slim">

  <leader>00990nam a22001577a 4500</leader>
  <controlfield tag="008">120619t        xxu||||| |||| 00| 0 eng d</controlfield>
  <datafield tag="020" ind1=" " ind2=" ">
    <subfield code="a">9780230228498</subfield>
  </datafield>
  <datafield tag="050" ind1=" " ind2=" ">
    <subfield code="a">JA76.N48</subfield>
  </datafield>
  <datafield tag="100" ind1=" " ind2=" ">
    <subfield code="a">Hay,Colin</subfield>
  </datafield>
  <datafield tag="245" ind1=" " ind2=" ">
    <subfield code="a">New directions in political science: responding to the challenges of an interdepent world. /</subfield>
    <subfield code="c">Colin Hay</subfield>
  </datafield>
  <datafield tag="260" ind1=" " ind2=" ">
    <subfield code="a">United Kingdom:</subfield>
    <subfield code="b">Palgrave,</subfield>
    <subfield code="c">2010.</subfield>
  </datafield>
  <datafield tag="300" ind1=" " ind2=" ">
    <subfield code="a">xiii, 318 p.:</subfield>
    <subfield code="c">23cm.</subfield>
  </datafield>
  <datafield tag="500" ind1=" " ind2=" ">
    <subfield code="a">Includes index.</subfield>
  </datafield>
  <datafield tag="505" ind1=" " ind2=" ">
    <subfield code="a">Contents: Introduction: Political science in an age of acknowledged world -- The Rise of political disenchantment -- The Internet  in political science -- The New politics of equality -- Civic multiculturalism and national identity -- The Character of the state -- Economic interdependence and the global economic crisis -- The Challenge of territorial politics: beyond methodological nationalism -- New security challenges in an interdependent world --Global challenges: Accountability and effectiveness -- Global justice.</subfield>
  </datafield>
  <datafield tag="942" ind1=" " ind2=" ">
    <subfield code="2">lcc</subfield>
    <subfield code="c">BK</subfield>
  </datafield>
  <datafield tag="999" ind1=" " ind2=" ">
    <subfield code="c">1436</subfield>
    <subfield code="d">8936</subfield>
  </datafield>
  <datafield tag="952" ind1=" " ind2=" ">
    <subfield code="0">0</subfield>
    <subfield code="1">0</subfield>
    <subfield code="2">lcc</subfield>
    <subfield code="4">0</subfield>
    <subfield code="7">0</subfield>
    <subfield code="a">WIUC-1</subfield>
    <subfield code="b">WIUC-1</subfield>
    <subfield code="c">GEN</subfield>
    <subfield code="d">2012-06-19</subfield>
    <subfield code="l">0</subfield>
    <subfield code="o">JA76.N48</subfield>
    <subfield code="p">3829/12</subfield>
    <subfield code="r">2012-06-19 00:00:00</subfield>
    <subfield code="t">1</subfield>
    <subfield code="w">2012-06-19</subfield>
    <subfield code="y">BK</subfield>
  </datafield>
  <datafield tag="952" ind1=" " ind2=" ">
    <subfield code="0">0</subfield>
    <subfield code="1">0</subfield>
    <subfield code="2">lcc</subfield>
    <subfield code="4">0</subfield>
    <subfield code="7">0</subfield>
    <subfield code="a">WIUC-1</subfield>
    <subfield code="b">WIUC-1</subfield>
    <subfield code="c">GEN</subfield>
    <subfield code="d">2012-06-19</subfield>
    <subfield code="l">0</subfield>
    <subfield code="o">JA76.N481</subfield>
    <subfield code="p">3830/12</subfield>
    <subfield code="r">2012-06-19 00:00:00</subfield>
    <subfield code="t">2</subfield>
    <subfield code="w">2012-06-19</subfield>
    <subfield code="y">BK</subfield>
  </datafield>
  <datafield tag="952" ind1=" " ind2=" ">
    <subfield code="0">0</subfield>
    <subfield code="1">0</subfield>
    <subfield code="2">lcc</subfield>
    <subfield code="4">0</subfield>
    <subfield code="7">0</subfield>
    <subfield code="a">WIUC-1</subfield>
    <subfield code="b">WIUC-1</subfield>
    <subfield code="c">GEN</subfield>
    <subfield code="d">2012-06-19</subfield>
    <subfield code="l">0</subfield>
    <subfield code="o">JA76.N482</subfield>
    <subfield code="p">3831/12</subfield>
    <subfield code="r">2012-06-19 00:00:00</subfield>
    <subfield code="t">3</subfield>
    <subfield code="w">2012-06-19</subfield>
    <subfield code="y">BK</subfield>
  </datafield>
  <datafield tag="952" ind1=" " ind2=" ">
    <subfield code="0">0</subfield>
    <subfield code="1">0</subfield>
    <subfield code="2">lcc</subfield>
    <subfield code="4">0</subfield>
    <subfield code="7">0</subfield>
    <subfield code="a">WIUC-1</subfield>
    <subfield code="b">WIUC-1</subfield>
    <subfield code="c">GEN</subfield>
    <subfield code="d">2012-06-19</subfield>
    <subfield code="l">0</subfield>
    <subfield code="o">JA76.N483</subfield>
    <subfield code="p">3832/12</subfield>
    <subfield code="r">2012-06-19 00:00:00</subfield>
    <subfield code="t">4</subfield>
    <subfield code="w">2012-06-19</subfield>
    <subfield code="y">BK</subfield>
  </datafield>
</record>
